000
00285nam a22001337a 4500
008
181031b xxu||||| |||| 00| 0 eng d
020
_a
9780844264226
041
_a
eng
080
_a
510
100
_a
39
101
_a
MAT
245
_a
For Math Majors
_c
Ruth.J.D
942
_2
udc
_c
BK
999
_c
51345
_d
51345